000 01046aab a2200205 i 4500
001 768714001
003 CO-MdFUSB
005 20250820165851.0
008 220824s1996 ck ||||| |||| 00| 0 spa d
040 _bspa
_cCO-MdFUSB
_dCO-MdFUSB
041 _aspa
100 1 _aUzbeko, Uzías
_eautor
245 1 0 _aCualquier oficio es bueno para Dios
_b/ Uzías Uzbeko
300 _aVolumen 18, número 3 (julio - septiembre, 1999), página: 14
_c; 27 cm
520 _aUna vez más la palabra de Dios se hace carne en uno de sus hijos. El mismo que llamó se encarga de perfeccionar, fortalecer y establecer a los que son llamados. Cualquier cosa que esté en tu mano sirve para ofrecerla a Dios y él, con total certeza, la usará para su gloria. Para Dios, tanto tú mismo como tu decisión de servir son herramientas para usar en un lugar de la tierra.
650 0 _9362
_aEvangelización
773 0 _tIglesia y Misión
_049402
_959631
_gVolumen 18, número 3 (julio - septiembre, 1999), página: 14
_qpágina: 14
942 _cANA
945 _aJTF-925
999 _c52402
_d52402